[Event "Montecatini Terme op"]
[Site "Montecatini Terme"]
[Date "1994.??.??"]
[Round "?"]
[White "Lau, Ralf"]
[Black "Tiviakov, Sergei"]
[Result "1-0"]
[WhiteElo "2515"]
[BlackElo "2640"]
[Annotator "ChessBase"]
[PlyCount "105"]
[EventDate "1994.??.??"]
[EventType "swiss"]
[EventRounds "9"]
[EventCountry "ITA"]
[SourceTitle "EXT 1999"]
[Source "ChessBase"]
[SourceDate "1998.11.16"]
[SourceVersion "1"]
[SourceVersionDate "1998.11.16"]
[SourceQuality "1"]

1. e4 c5 2. Nf3 d6 3. d4 cxd4 4. Nxd4 Nf6 5. Nc3 g6 6. Be3 Bg7 7. f3 Nc6 8. Qd2
Bd7 9. O-O-O $1 Rc8 10. Kb1 (10. g4 $1 Ne5 (10... O-O 11. h4 h5 (11... Ne5 12.
h5 $1 Qa5 $5 (12... Nxf3 $5)) 12. Nd5 $1 $16) 11. h4 h5 12. g5 Nh7 13. f4 Ng4
14. Bh3) (10. h4 $6 h5 $1) 10... O-O (10... Ne5) 11. g4 (11. h4) 11... Ne5 12.
h4 Qa5 13. Nb3 (13. Nd5) 13... Qc7 14. Be2 b5 15. g5 b4 $2 (15... Nh5) 16. Nb5
$1 Bxb5 17. gxf6 Bxf6 18. Bxb5 Nxf3 19. Qe2 Ne5 20. Ba6 Rb8 21. h5 g5 22. Nd4
h6 23. Rhf1 Bh8 24. Nf5 Kh7 25. Bd4 e6 26. Ne3 Qc6 27. Bd3 a5 28. Ng4 Nxg4 29.
Bxh8 Kxh8 30. Qxg4 Qc5 31. Rf6 Qe3 32. Rdf1 Kg7 33. Bc4 Rbe8 34. Bb3 Re7 35.
R6f3 Qd4 36. Qg3 Ra8 37. Rd3 Qxe4 38. Qxd6 Raa7 39. Ba4 Rac7 40. Qh2 Rc5 41.
Rdf3 Rf5 42. Rxf5 exf5 43. Qd2 f4 44. Bb5 f3 45. Bd3 Qd5 46. c4 bxc3 47. Qxc3+
f6 48. a3 Rd7 49. Bc2 g4 50. Rd1 Qe6 51. Re1 Qd5 52. Re4 Qg5 53. Qc8 1-0

[Event "Dortmund-A"]
[Site "Dortmund"]
[Date "1989.??.??"]
[Round "?"]
[White "Psakhis, Lev"]
[Black "Tolnai, Tibor"]
[Result "0-1"]
[WhiteElo "2585"]
[BlackElo "2480"]
[Annotator "ChessBase"]
[PlyCount "59"]
[EventDate "1989.03.??"]
[EventType "tourn"]
[EventRounds "11"]
[EventCountry "GER"]
[EventCategory "11"]
[SourceTitle "CBM 013"]
[Source "ChessBase"]
[SourceDate "1989.12.01"]
[SourceVersion "1"]
[SourceVersionDate "1989.12.01"]
[SourceQuality "1"]

1. e4 c5 2. Nf3 d6 3. d4 cxd4 4. Nxd4 Nf6 5. Nc3 g6 6. Be3 Bg7 7. f3 O-O 8. Qd2
Nc6 9. g4 Bxg4 $5 10. fxg4 Nxg4 11. Bg1 (11. Nxc6 bxc6 12. Bc4 $2 {12.Bg5!} d5
$1 {Yagupov-Losev/Moscow-sf/1989/ -> BZSKM 8/1989,S.15}) 11... e6 12. h4 h5 13.
Nxc6 bxc6 14. Be2 Bh6 15. Qd3 Ne5 16. Qg3 Rb8 17. b3 Qa5 18. Rd1 Bg7 19. Rxd6
Rbd8 20. Rxd8 Rxd8 21. Kf1 Rd2 22. Rh3 Ng4 23. Qb8+ Kh7 24. b4 Qa3 25. Qxa7
Qc1+ 26. Kg2 Bxc3 27. Rxc3 Rxe2+ 28. Kg3 Qe1+ 29. Kf3 Qf1+ 30. Kg3 0-1

[Event "Brighton CGL Int"]
[Site "Brighton"]
[Date "1983.12.15"]
[Round "4"]
[White "Plaskett, H James"]
[Black "Watson, William N"]
[Result "0-1"]
[WhiteElo "2440"]
[BlackElo "2395"]
[Annotator "ChessBase"]
[PlyCount "56"]
[EventDate "1983.12.12"]
[EventType "tourn"]
[EventRounds "9"]
[EventCountry "ENG"]
[EventCategory "8"]
[SourceTitle "MCL"]
[Source "ChessBase"]
[SourceDate "1999.07.01"]
[SourceVersion "1"]
[SourceVersionDate "1999.07.01"]
[SourceQuality "1"]

1. e4 c5 2. Nf3 d6 3. d4 cxd4 4. Nxd4 Nf6 5. Nc3 g6 6. Be3 Bg7 7. f3 O-O 8. Qd2
Nc6 9. g4 (9. Bc4 {main line}) (9. O-O-O d5 $5) 9... Be6 10. O-O-O Nxd4 11.
Bxd4 Qa5 12. a3 (12. Kb1 $6 Rfc8 {/\Rc3}) 12... Rfc8 13. h4 Rab8 14. h5 (14.
Nd5 $5 Qxd2+ 15. Rxd2 Nxd5 $1 16. Bxg7 (16. exd5 Bxd5 $1 17. Bxg7 Bxf3 18. Rh3
Bxg4 19. Rg3 Kxg7 20. Rxg4 Rc7 $13) 16... Kxg7 17. exd5 Bd7 18. Be2 {Nunn} Rc5
19. f4 Rbc8 20. Kb1 a6 $10 {/\Bb5}) 14... b5 15. h6 (15. Nd5 $2 Qxd2+ 16. Rxd2
(16. Kxd2 Nxd5 17. Bxg7 Kxg7 18. exd5 Bxd5 $19) 16... Bxd5 17. exd5 Bh6 $19) (
15. hxg6 $5 b4 $5 (15... hxg6 16. Qg5 $1 a6 $6 17. Rd2 Qc7 $2 18. Rdh2 b4 19.
Qh6 $1 Bxh6+ 20. Rxh6 g5 21. Bd3 Bxg4 22. Rh8+ Kg7 23. R1h7+ Kg6 24. e5+ Ne4
25. Rh6+ Kf5 26. Bxe4+ Kf4 27. Ne2#) 16. gxh7+ Kh8 17. Nd5 Bxd5 18. exd5 Qxd5
19. g5 Qa2 20. Qe3 e5 21. gxf6 Bxf6 22. Rg1 bxa3 23. Qxa3 $16) 15... b4 (15...
Bh8 $6 16. Nd5 Qxd2+ 17. Rxd2 Nxd5 18. exd5 Bxd4 (18... Bxd5 19. Bxh8 Bxf3 20.
Rh3 Bxg4 21. Rg3 Kxh8 22. Rxg4 $16 {Short,N-Georgiev,Ki/Oakham/1984/}) 19. Rxd4
Bd7 $14 {Tal,M-Sax,G/Mosow/1982/}) (15... Bf8 $5 {Sapi} 16. Bxf6 b4 $5 (16...
exf6 17. Nd5 Qxd2+ 18. Rxd2 Bxd5 19. Rxd5 Rc5 $10) 17. Nd5 (17. Bd4 bxa3 18. b3
Bxb3 19. cxb3 Rxb3 $19) 17... Bxd5 18. Qxd5 Rc5 19. Qb3 exf6 20. a4 Qc7 21. Kb1
$13) 16. hxg7 (16. axb4 $2 Qa1+ 17. Nb1 Ba2 $19) (16. Nb5 $5 Rxb5 17. Bxb5 Qxb5
18. hxg7 bxa3 19. Qd3 (19. bxa3 Qa4 $13) 19... axb2+ 20. Bxb2 Bc4 21. Qe3 Be2
$15) 16... bxa3 17. Qh6 (17. Nd5 $2 axb2+ 18. Bxb2 Rxb2 19. Nxe7+ Kxg7 20. Qh6+
Kh8 21. Nxc8 Qb4 $19 {Fernandez-Martin Gonzalez,A/Barcelona/1985/0-1/}) 17...
axb2+ 18. Kd2 Bxg4 {Mestel} 19. Bxf6 (19. fxg4 e5 $1 20. Qe3 exd4 21. Qxd4 Rxc3
22. Qxc3 Nxe4+ $19) 19... Bh5 $1 20. Bd4 $2 (20. Ke3 $2 Rxc3+ 21. Bxc3 Qxc3+
22. Bd3 a5 $19 {/\a5-a4-a3-a2-a1}) (20. Kd3 $2 b1=Q 21. Rxb1 Rxb1 22. Nxb1 Qb5+
23. Ke3 Qxb1 $19) (20. Bh3 $6 exf6 $1 21. Bxc8 Rxc8 22. Qe3 Qb4 23. Rh4 d5 24.
exd5 Qxh4 $19) (20. Rxh5 $1 gxh5 21. Bh3 exf6 22. Bxc8 Rxc8 23. Qxf6 Qb4 24.
Rb1 a5 25. Kd3 Qc4+ 26. Kd2 Qb4 27. Kd3 $10) 20... e5 21. Rxh5 (21. Kd3 exd4
22. Nd5 Rc3+ 23. Ke2 Rxc2+ 24. Kd3 Qb5+ 25. Kxc2 b1=Q+ 26. Rxb1 Qxb1+ 27. Kd2
Rb2#) 21... gxh5 22. Qg5 (22. Qxh5 b1=Q 23. Rxb1 Rxb1 24. Bd3 Ra1 25. Qf5 Rc7
26. Ke2 exd4 27. Nd5 Qe1#) 22... Qb4 (22... b1=Q $1 23. Rxb1 Rxb1 24. Bd3 Ra1
25. Qf5 exd4 26. Qxc8+ Kxg7 $19) 23. Bd3 Qxd4 24. Nd5 (24. Nb1 Qf2+ 25. Be2
Rxc2+ 26. Kxc2 Qxe2+ 27. Kc3 Qxd1 $19) 24... Qf2+ 25. Be2 Rxc2+ 26. Kxc2 Qxe2+
27. Kc3 Qxf3+ 28. Kc4 Qb3# 0-1

[Event "IBM-20 Kroongroep"]
[Site "Amsterdam"]
[Date "1980.06.??"]
[Round "?"]
[White "Timman, Jan H"]
[Black "Sosonko, Gennadi"]
[Result "1/2-1/2"]
[WhiteElo "2600"]
[BlackElo "2545"]
[Annotator "Dolmatov,S"]
[PlyCount "100"]
[EventDate "1980.06.26"]
[EventType "tourn"]
[EventRounds "14"]
[EventCountry "NED"]
[EventCategory "14"]
[SourceTitle "MCL"]
[Source "ChessBase"]
[SourceDate "1999.07.01"]
[SourceVersion "1"]
[SourceVersionDate "1999.07.01"]
[SourceQuality "1"]

1. e4 c5 2. Nf3 d6 3. d4 cxd4 4. Nxd4 Nf6 5. Nc3 g6 6. Be3 Bg7 7. f3 Nc6 8. Qd2
O-O 9. O-O-O Nxd4 10. Bxd4 Be6 11. Kb1 Qc7 12. h4 Rfc8 13. h5 Qa5 14. hxg6 (14.
h6 Bh8 15. a3 $14) 14... hxg6 15. a3 Rab8 16. Ne2 Qxd2 17. Rxd2 a6 18. Nf4 Bc4
$6 (18... Nd7 $5 19. Nxe6 (19. Nd5 Bxd5 20. exd5 Bxd4 21. Rxd4 Kg7 $10) 19...
fxe6 $10) 19. Bxc4 Rxc4 20. Bxf6 Bxf6 21. Nd5 Kg7 22. g4 $14 Rg8 23. Rd3 (23.
Rdh2 Kf8 24. Nxf6 exf6 $14) (23. c3 $5) 23... Rc5 24. c3 g5 25. Rd2 Rc6 26.
Rdh2 (26. Kc2 e6 27. Rh7+ Kxh7 28. Nxf6+ Kg7 29. Nxg8 Kxg8 $10) 26... Kf8 27.
Nxf6 exf6 28. Rh8 Rxh8 29. Rxh8+ Ke7 30. Kc2 Rc5 31. Kd3 d5 32. Kd4 Rb5 33. b4
dxe4 34. c4 Rb6 35. c5 Re6 36. fxe4 $16 Kd7 37. a4 Kc7 38. b5 $2 (38. Rf8 Re7
39. b5 axb5 40. axb5 $18) 38... axb5 39. axb5 b6 40. cxb6+ $6 (40. c6 Re5 41.
Rf8 Rxb5 42. Rxf7+ Kxc6 43. Rxf6+ Kd7 44. Rf5 Rb1 $14) 40... Kxb6 $10 41. Rb8+
Kc7 42. Ra8 Rd6+ (42... Kb6 43. Ra6+ Kxb5 44. Rxe6 fxe6 45. e5 f5 46. gxf5 exf5
47. Kd5 Kb6 $1 48. Kd6 f4 49. e6 f3 $10) 43. Kc5 Re6 44. Kd4 Rd6+ 45. Ke3 Kb7
46. Ra4 Rd1 47. Ra6 Rf1 48. Rd6 Rf4 49. Rc6 Rxg4 50. Rxf6 Rf4 1/2-1/2

[Event "FRA-ch 90th"]
[Site "Saint Quentin"]
[Date "2015.08.18"]
[Round "9"]
[White "Bauer, Christian"]
[Black "Edouard, Romain"]
[Result "1/2-1/2"]
[WhiteElo "2618"]
[BlackElo "2634"]
[Annotator "Edouard,R"]
[PlyCount "45"]
[EventDate "2015.08.09"]
[EventType "tourn"]
[EventRounds "11"]
[EventCountry "FRA"]
[EventCategory "14"]
[SourceTitle "CBM 168"]
[Source "ChessBase"]
[SourceDate "2015.09.14"]
[SourceVersion "1"]
[SourceVersionDate "2015.09.14"]
[SourceQuality "1"]

1. e4 c5 2. Nf3 d6 3. d4 cxd4 4. Nxd4 Nf6 5. Nc3 g6 6. Be3 Bg7 7. f3 Nc6 8. Qd2
O-O 9. g4 Be6 10. h4 d5 11. e5 $5 {An almost new idea, that will probably no
longer deserve an "!?" mark after couple of games, but that definitely
deserves it for one game.} Nxe5 $6 {A move I immediately regretted after
playing it.} (11... Nd7 {is definitely more natural. I was worried that after}
12. f4 (12. O-O-O Ndxe5 13. Be2 Nc4 $5 14. Nxe6 fxe6 15. Bxc4 dxc4 16. Qe2 Qa5
17. Qxc4 Bxc3 18. Qxe6+ Kh8 19. bxc3 Qxc3 $13) 12... Bxg4 13. h5 {White would
have a dangerous attack. However there is probably just decent counterplay.} (
13. Be2 Bxe2 14. Qxe2 h5 15. O-O-O e6 $132) 13... Bxh5 14. Rxh5 (14. Be2 Bxe2
15. Qxe2 e6 $132) 14... gxh5 15. O-O-O e6 16. Kb1 $44) 12. O-O-O (12. h5 {
seems even more critical:} Nxf3+ 13. Nxf3 Bxg4 14. Bg2 (14. h6 Bh8 15. Ne5 Bf5
$13) 14... Nxh5 15. Bh6 Bxc3 16. bxc3 Qd6 $13) 12... Qa5 $5 (12... h5 {might
have been playable but I did not really like it.}) 13. Be2 (13. h5 {would allow
} Nxf3 $1 14. Nxf3 Ne4 {which can be very dangerous for White.}) 13... Rfc8 $6
(13... b5 $1 {was my initial idea but I convinced myself it could not be right,
definitely missing that after} 14. Bxb5 Rab8 15. Nb3 {I could go} Nxf3 $1 16.
Nxa5 Nxd2 17. Rxd2 Ne4 18. a4 (18. Nxe4 $2 Rxb5 $17) 18... Nxd2 19. Bxd2 a6 $1
20. Be2 Rfc8 {with huge counterplay. A weird line!}) 14. h5 (14. Kb1 {would
have been quite annoying as well.}) 14... Rxc3 15. Qxc3 Qxa2 $6 (15... Qxc3 16.
bxc3 Bd7 {is objectively better, but of course White has some advantage.}) 16.
hxg6 hxg6 17. Nxe6 fxe6 18. Qxe5 $2 ({The materialist} 18. Qb4 {would have
been very annoying:} b6 19. Qxe7 Re8 20. Qa3 $16) 18... Qa1+ 19. Kd2 Qa5+ 20.
Kc1 {White was in time trouble and just decided to repeat moves.} (20. b4 Qxb4+
21. c3 Ne4+ 22. Ke1 Qxc3+ 23. Qxc3 Bxc3+ 24. Rd2 (24. Kf1 Ng3+ 25. Kf2 Nxh1+
26. Rxh1 a5 $13) 24... Nxd2 25. Bxd2 Bxd2+ 26. Kxd2 a5 27. Kc3 a4 28. Kb2 Kg7 {
and Black should be able to draw this.}) (20. Qc3 Ne4+ 21. fxe4 Bxc3+ 22. bxc3
dxe4 (22... Rd8 {was both my idea and what Christian was afraid of, and after}
23. exd5 Rxd5+ 24. Bd3 e5 25. Ra1 {White should be better, but it remains
practically unclear.}) 23. Bc4 Rd8+ 24. Ke2 Rxd1 25. Rxd1 Kf7 26. Rf1+ Ke8 $13)
20... Qa1+ 21. Kd2 Qa5+ 22. Kc1 Qa1+ 23. Kd2 1/2-1/2

[Event "London Classic m 6th"]
[Site "London"]
[Date "2014.12.11"]
[Round "2"]
[White "Edouard, Romain"]
[Black "Jones, Gawain C B"]
[Result "1/2-1/2"]
[WhiteElo "2659"]
[BlackElo "2661"]
[Annotator "Edouard,R"]
[PlyCount "103"]
[EventDate "2014.12.10"]
[EventType "tourn"]
[EventRounds "6"]
[EventCountry "ENG"]
[SourceTitle "CBM 164"]
[Source "ChessBase"]
[SourceDate "2015.01.15"]
[SourceVersion "1"]
[SourceVersionDate "2015.01.15"]
[SourceQuality "1"]

1. e4 c5 2. Nf3 d6 3. d4 cxd4 4. Nxd4 Nf6 5. Nc3 g6 6. Be3 Bg7 7. f3 Nc6 8. Qd2
O-O 9. O-O-O d5 10. Qe1 e5 11. Nxc6 bxc6 12. exd5 Nxd5 13. Bc4 Be6 14. Kb1 $5 {
A quite unpopular but very interesting move.} Rb8 $5 {The most natural move.} (
14... Nxc3+ 15. Qxc3 Bd5 16. Qd3 $14) (14... Qc7 15. Nxd5 cxd5 16. Bxd5 Bxd5
17. Rxd5 {does not provide Black sufficient compensations.}) 15. Ne4 f5 $5 $146
(15... Qc7 16. Bc5 Rfd8 17. g4 {is better for White, the main difference with
the main line (without Kb1 and ...Rb8 included) being that the d5-knight
cannot move because of Bd6.} a5 18. h4 $14 {1-0 (49) Wei,Y (2604)-Yankovsky,R 
(2425) USA 2013}) 16. Ng5 Bc8 17. h4 $1 h6 (17... e4 18. b3 $14) 18. Ne4 Be6 {
Having included h4 and h6 should be a good thing for White.} 19. Nc5 (19. Bxa7
{should be critical:} Qe7 $1 (19... Ra8 $6 20. Bc5 Rf7 21. Bb3 $16) 20. Bxb8 (
20. Bc5 Qb7 $132) 20... Rxb8 21. Bxd5 (21. Nc3 Nxc3+ 22. Qxc3 e4 23. Bxe6+ Qxe6
24. Rd4 e3 $132 25. Re1 $140 Qd5 $5 26. Rxd5 Bxc3 27. Rxe3 Rxb2+ 28. Kc1 cxd5
29. Rxc3 Rxa2 $11) 21... Bxd5 (21... cxd5 $2 22. Nd2 e4 23. Nb3 $16) 22. Nc3 e4
23. b3 Qf6 24. fxe4 Bxe4 25. Rh3 Bxg2 26. Rhd3 Bd5 {and White should be better
but practically speaking it definitely doesn't look clear.}) 19... Bf7 20. Na6
{I remembered having this move somewhere in my analysis but immediatly after
playing it I realised 20...Rb6 should be very annoying.} (20. Bb3 Qe7) 20...
Rb7 $6 (20... Rb6 $1 21. c3 (21. Bxb6 Qxb6 22. Rd3 e4 23. Rb3 Qd4 24. Qe2 exf3
25. gxf3 Re8 26. Qd3 Qxh4 27. Qf1 Qf4 $44) 21... Rb7 $1 {This move c3 simply
makes Black's play easier.} (21... e4 22. Nb4 $14) 22. Nc5 Rb8 23. Bb3 Qa5 24.
Bf2 Rfd8 $13) 21. Bb3 Qf6 22. Nc5 Re7 23. c3 Rfe8 (23... e4 24. f4 $14) 24. Qd2
Nxe3 25. Qxe3 Bxb3 26. axb3 Rf7 27. Rd2 Rd8 {White looks a bit better but it
is just very difficult to prove it!} 28. Rxd8+ Qxd8 29. h5 gxh5 30. Rxh5 Qd6 $6
{The beginning of a wrong idea.} (30... Qd1+ 31. Ka2 Qd5 {(/\...Bf8) is about
equal.}) (30... a5 $5) 31. Rh1 Qg6 32. Qe2 Re7 33. Re1 Qd6 $6 {A weird move.} (
33... a5 $142) 34. b4 Qg6 35. Ka1 Kh7 (35... h5 36. Qd3 $14 {[%csl Yh5]}) 36.
g4 fxg4 37. fxg4 Rf7 38. Nd3 Rd7 39. Nc5 Rf7 40. Rh1 $1 Kg8 (40... Rf4 $2 41.
g5 $1 {goes back into the game.}) 41. Qc4 Kh7 $2 (41... Qd6 $1 42. Re1 Qd5 {
had to be played. White is only slightly better.}) 42. g5 $1 Rf4 43. Qe2 e4 44.
gxh6 Bf8 $8 (44... Bxh6 45. Re1 $18 (45. Ka2 $5)) 45. Qe3 Qg5 (45... Qf5 46.
Nb3 $16) 46. Qd4 (46. Rd1 $5) 46... Bxc5 47. bxc5 e3 $6 (47... Qg6 48. Re1 $16)
48. Qd7+ Kh8 49. Qe8+ (49. Qxc6 e2 50. Re1 {just wins at once, but I for some
reason did not see that automatic move 50.Re1, that any beginner could see!})
49... Kh7 50. Qd7+ Kh8 51. Qe8+ (51. Qc8+ {is also worth a try but should be a
draw:} Qg8 52. Qxg8+ Kxg8 53. Re1 Re4 54. b4 Kh7 55. Kb2 Kxh6 56. Kc2 Kg5 57.
Kd3 Kf4 58. Rf1+ Ke5 59. Rf8 Rh4 $132) ({Even} 51. b4 {should win easily.})
51... Kh7 52. Qd7+ {An absolutely insane decision in time trouble, repeating a
move for a third time.} 1/2-1/2

[Event "Nikolaev zt"]
[Site "Nikolaev"]
[Date "1995.??.??"]
[Round "5"]
[White "Milov, Leonid"]
[Black "Ovsejevitsch, Sergei"]
[Result "1/2-1/2"]
[WhiteElo "2525"]
[BlackElo "2370"]
[Annotator "Ernst,T"]
[PlyCount "35"]
[EventDate "1995.03.??"]
[EventType "swiss"]
[EventRounds "11"]
[EventCountry "UKR"]
[SourceTitle "CBM 047"]
[Source "ChessBase"]
[SourceDate "1995.08.01"]
[SourceVersion "1"]
[SourceVersionDate "1995.08.01"]
[SourceQuality "1"]

1. e4 c5 2. Nf3 d6 3. d4 cxd4 4. Nxd4 Nf6 5. Nc3 g6 6. Be3 Bg7 7. f3 O-O 8. Qd2
Nc6 9. O-O-O d5 10. Kb1 $5 {[#]} Rb8 $5 $146 (10... Nxd4 11. Bxd4 (11. e5 $1 {
Milov,L-Golubev,M/Biel Open/1994/CBM 47,Inf 61/230}) 11... dxe4 12. Bxf6 (12.
Qe1 Qc7 13. Bxf6 Bxf6 14. Nd5 Qe5 15. Nxf6+ Qxf6 16. Qxe4 Bf5 $15) (12. Qf4 Qa5
$15) 12... Qxd2 13. Rxd2 Bxf6 14. Nxe4 Bg7 $15 {Moro-Rigo/Milan/1982}) 11. Nb3
(11. Nxc6 $6 bxc6 12. Bxa7 (12. exd5 $2 Nxd5 13. Bd4 $2 Bxd4 14. Qxd4 Nxc3+ $19
) 12... Ra8 13. Bd4 Qa5 $44 {>< Kb1}) (11. exd5 Nxd5 12. Nxd5 Qxd5 13. Nxc6
Qxc6 $1 $10 {/\} (13... bxc6 14. b3 $1 $14 {>< c6,a7}) 14. Bxa7 $2 Ra8 15. Be3
(15. Bd4 $2 Rd8 $19) 15... Qa4 16. a3 Bxb2 $1 $19) (11. Be2 $5 {/\} Nxd4 12.
Bxd4 $8 dxe4 13. Qe3 $36) 11... dxe4 12. Qxd8 Rxd8 13. Rxd8+ Nxd8 14. Bxa7 Ra8
15. Bb6 Bf5 16. Be2 Nc6 17. Rd1 Nd7 18. Bd4 1/2-1/2

[Event "Elenite"]
[Site "Elenite"]
[Date "1994.??.??"]
[Round "8"]
[White "Topalov, Veselin"]
[Black "Georgiev, Kiril"]
[Result "1/2-1/2"]
[WhiteElo "2645"]
[BlackElo "2615"]
[Annotator "Ernst,T"]
[PlyCount "59"]
[EventDate "1994.??.??"]
[EventType "tourn"]
[EventRounds "9"]
[EventCountry "BUL"]
[EventCategory "15"]
[SourceTitle "CBM 044"]
[Source "ChessBase"]
[SourceDate "1995.02.01"]
[SourceVersion "1"]
[SourceVersionDate "1995.02.01"]
[SourceQuality "1"]

1. e4 c5 2. Nf3 d6 3. d4 cxd4 4. Nxd4 Nf6 5. Nc3 g6 6. Be3 Bg7 7. f3 Nc6 8. Qd2
O-O 9. O-O-O d5 10. exd5 Nxd5 11. Nxc6 bxc6 12. Bd4 Nxc3 13. Qxc3 Bh6+ 14. Be3
Bxe3+ 15. Qxe3 Qb6 16. Qxe7 $1 Be6 17. Qf6 (17. Qa3 $1 a5 (17... Qf2 18. Qa5 $1
$16 {Riveron-Cabrera,A/52-213/1991/,Wittmann-Gramer/Oberwart/1991/}) 18. Bd3
Qb4 19. Be4 Qxa3 20. bxa3 Ra6 21. Rd6 Rc8 22. Rhd1 Kg7 23. Bd5 $1 $16 {Klinger,
J-Tolnai,T/Velden op/1994/} (23. R1d3 $14 {Popovic,P-Tolnai,T/OST-chT9394/1994/
})) (17. Bd3 $1 Qe3+ 18. Rd2 c5 {Rodriguez,Am-Clavijo/Bogota 53-208/1991/} 19.
Qh4 $1 c4 20. Re1 Qc5 21. Rxe6 fxe6 22. Bxc4 $16) 17... Bxa2 $1 (17... Rfd8 18.
Bd3 Bxa2 19. Rhe1 $1 $16 {Gurevich,I-Petursson,M/Saint Martin 54-211/1992/})
18. b3 Bxb3 $1 {Sven Lindemanns suggestion.} 19. cxb3 Qxb3 20. Rd3 Qb6 $44 21.
Qb2 (21. Be2 Rab8 22. Qa1 Qf2 $44) 21... Rfe8 $1 22. Qxb6 axb6 23. Rd1 Ra1+ 24.
Kc2 Ra2+ 25. Kb3 Rea8 $1 26. Rd8+ Rxd8 27. Kxa2 Rd1 28. g3 g5 29. Kb3 Rd2 30.
h4 (30. h4 Rf2 31. hxg5 Rxf3+ 32. Kc2 Rxg3 33. Bd3 Rxg5 $10) 1/2-1/2

[Event "Prague Chip"]
[Site "Prague"]
[Date "1992.??.??"]
[Round "5"]
[White "Jansa, Vlastimil"]
[Black "Watson, William N"]
[Result "1/2-1/2"]
[WhiteElo "2460"]
[BlackElo "2535"]
[Annotator "Ernst,T"]
[PlyCount "81"]
[EventDate "1992.01.??"]
[EventType "tourn"]
[EventRounds "13"]
[EventCountry "CZE"]
[EventCategory "11"]
[SourceTitle "CBM 027"]
[Source "ChessBase"]
[SourceDate "1992.04.01"]
[SourceVersion "1"]
[SourceVersionDate "1992.04.01"]
[SourceQuality "1"]

1. e4 c5 2. Nf3 d6 3. d4 cxd4 4. Nxd4 Nf6 5. Nc3 g6 6. Be3 Bg7 7. f3 O-O 8. Qd2
Nc6 9. O-O-O d5 10. Qe1 Re8 $5 (10... e6 11. h4 Qc7 12. exd5 Nxd5 13. Nxd5 exd5
14. Qd2 h5 15. Nb5 Qe7 16. Bg5 Qe5 17. c3 $10 {Kramnik - Alterman, URS 1990})
11. Bb5 Bd7 12. Bxc6 (12. exd5 Nxd4 13. Bxd4 Bxb5 14. Nxb5 Qxd5 15. Bxf6 Qxb5
$10) 12... bxc6 13. e5 c5 14. Nb3 c4 15. Nc5 Bc6 16. exf6 Bxf6 17. Qf2 Rb8 18.
f4 Qb6 19. Nb3 Qb7 20. Nd4 Bd7 21. Kd2 Bg7 22. Rhf1 e6 23. Nde2 a5 24. h3 f6
25. g4 Bc6 26. Nd4 Bd7 27. Nde2 Bc6 28. g5 fxg5 29. Bd4 gxf4 30. Bxg7 Qxg7 31.
Qxf4 e5 $44 32. Qf6 Qd7 33. Kc1 Qb7 34. b3 cxb3 35. axb3 a4 36. bxa4 d4 37. Nb5
Bxb5 38. axb5 Qxb5 39. Qf7+ Kh8 40. Qf6+ Kg8 41. Qf7+ {Watson hat in der
Eröffnung ein sehr interessantes Figurenopfer gemacht, das nocheinmal erprobt
werden muss.} 1/2-1/2

[Event "Rishon Le Ziyyon"]
[Site "Rishon Le Ziyyon"]
[Date "1994.??.??"]
[Round "11"]
[White "Sutovsky, Emil"]
[Black "Alterman, Boris"]
[Result "1/2-1/2"]
[WhiteElo "2480"]
[BlackElo "2585"]
[Annotator "Ernst,T"]
[PlyCount "148"]
[EventDate "1994.11.??"]
[EventType "tourn"]
[EventRounds "11"]
[EventCountry "ISR"]
[EventCategory "11"]
[SourceTitle "CBM 045"]
[Source "ChessBase"]
[SourceDate "1995.04.01"]
[SourceVersion "1"]
[SourceVersionDate "1995.04.01"]
[SourceQuality "1"]

1. e4 c5 2. Nf3 d6 3. d4 cxd4 4. Nxd4 Nf6 5. Nc3 g6 6. Be3 Bg7 7. f3 Nc6 8. Qd2
O-O 9. O-O-O d5 10. exd5 Nxd5 11. Nxc6 bxc6 12. Bd4 e5 13. Bc5 Re8 14. Ne4 f5
15. Nd6 Bf8 16. Bb5 $1 Bd7 17. c4 $5 (17. Rhe1 Re6 18. Nb7 Qc7 19. Ba6 $14 {
Beliavsky,A-Khalifman,A/Belgrade/1993/1/2-1/2/42/}) 17... e4 $6 (17... Bxd6
$142 $1 18. Bxd6 Nb6 19. Ba6 $8 Bc8 $1 20. Qa5 (20. Bxc8 Nxc4 $1 21. Qb4 Nxd6
22. Bxf5 (22. Ba6 Qb6 $10 (22... Qg5+ $2 23. f4 $18) (22... Re6 $5)) 22... Qg5+
$1 (22... gxf5 23. Rxd6 Qg5+ 24. Kb1 Qxg2 $13) 23. f4 exf4 $15) 20... Bxa6 (
20... Qg5+ $6 21. Rd2 $8) 21. Qxa6 e4 $1 (21... Qc8 $2 22. Qxc8 Raxc8 (22...
Nxc8 $16) (22... Nxc8 $16) (22... Nxc8 $16) 23. b3 $16 {>< Nb6}) 22. f4 (22.
fxe4 fxe4 $132) (22. Qb7 $2 Nxc4 23. Be5 Qe7 $19) 22... Qf6 {/\} (22... Qc8 $5)
(22... Qc8 $5) (22... Qc8 $5) 23. Be5 Rxe5 (23... Qf7 $6 24. b3 $16 {/\ 25.Rd2,
26.Rhd1}) 24. fxe5 Qxe5 $13 {/\} 25. Qb7 e3 26. Qxc6 Rc8 27. Qd6 Qe4 $13) (
17... Re6 $4 18. cxd5 $18) (17... Rb8 $2 18. Ba4 $18) 18. fxe4 fxe4 19. Ba4 (
19. Nxe8 $2 Bxc5 20. cxd5 cxb5 21. Qc3 Qxe8 $19) 19... e3 20. Bxe3 Bxd6 21.
cxd5 Qh4 22. dxc6 Qxa4 23. cxd7 Qxd7 24. Kb1 (24. Qxd6 Qxd6 25. Rxd6 Rxe3 26.
Rhd1 $16) 24... Qf5+ 25. Ka1 Be5 26. Rhf1 Qe6 27. Rfe1 Qf7 28. Bh6 Rab8 29.
Rxe5 Rxe5 30. Bf4 Rbe8 31. Bxe5 Rxe5 32. a3 Re8 33. Qd3 h5 34. Rf1 Qe6 35. Qd4
Rf8 36. Rd1 (36. Rxf8+ Kxf8 37. Qxa7 $2 Qe1+ 38. Ka2 Qe6+ 39. b3 Qe2+ $10)
36... a6 37. Qd6 Rf6 38. Qxe6+ Rxe6 39. Rd2 Kf7 40. Ka2 Ke7 41. Kb3 Re4 42. Kc3
Ke6 43. Rd4 Re2 44. Rd2 Re4 45. Rd8 Rg4 46. g3 a5 47. Ra8 Rg5 48. Ra6+ Kd7 49.
Kc4 (49. b4 $2 axb4+ 50. axb4 h4 51. gxh4 Rg4 $10) 49... Kc7 50. Rf6 h4 51.
gxh4 Rg2 52. b3 Ra2 53. Rxg6 (53. a4 $142 $1 Rxh2 54. Kb5 Rh3 $8 55. Kxa5 Rxb3
56. Rxg6 Rh3 57. Rg4 $18) 53... Rxa3 54. Rg3 (54. Rg2 a4 $1) 54... Ra2 55. Rh3
a4 56. b4 (56. bxa4 $2 Rxa4+ 57. Kd5 Kd7 $10) 56... Kb6 57. h5 Re2 58. Kd3 (58.
h6 $1 Re8 (58... Re4+ 59. Kc3 Re8 60. h7 Rh8 61. Rh5 $18) 59. h7 Rc8+ 60. Kd3
Rh8 61. Rh5 $18 {/\ Kc3-b2-a3xa4}) 58... Rb2 59. Kc4 Rc2+ 60. Kd4 Rd2+ 61. Ke4
(61. Kc3 $142) 61... Re2+ 62. Kf5 Rf2+ 63. Kg4 Rg2+ 64. Kf3 Rg8 65. h6 Kb5 66.
h7 Rh8 67. Ke2 a3 68. Kd1 a2 69. Ra3 Rxh7 70. Rxa2 Kxb4 71. Rc2 Kb3 72. Rf2 Kc4
73. Ke2 Kd5 74. Kf1 Ke6 1/2-1/2